| 000 | 00334nam a2200133Ia 4500 | ||
|---|---|---|---|
| 005 | 20260328104254.0 | ||
| 008 | 260328s9999||||xx |||||||||||||| ||und|| | ||
| 100 | _aHertzberger, Herman | ||
| 245 | 0 |
_aHertzberger“S Amsterdam / _cHerman Hertzberger |
|
| 260 | _bArcampocket | ||
| 300 | _a190 p. | ||
| 650 | _aARQUITECTOS | ||
| 942 | _cBK | ||
| 999 |
_c10369 _d10369 |
||